sludge metal bands - Statistics

General Stats
  • This quiz has been taken 13 times
  • The average score is 9 of 20
Answer Stats
Hint Answer % Correct
When the Kite String Pops/Paegan Terrorism Tactics Acid Bath
92%
Obedience Thru Suffering/Sonic Excess in its purest form Crowbar
92%
Dopesick/Take As Needed for Pain Eyehategod
85%
NOLA Down
77%
Stash/Amerjuanican Bongzilla
54%
At a Loss.. Buzzoven
54%
Dismal/Miserably Ever After Grief
54%
And Justice for Y'all/God Luck and Good Speed Weedeater
54%
Human = Garbage/The Aftermath Dystopia
46%
Our problem/Self titled Iron Monkey
46%
Tyrant/Heathen Thou
46%
self titled/Singularity to Extinction brainoil
38%
Scorn/Caustic Primitive man
38%
Self titled/Oil Meth drinker
31%
Self titled/Kashyyyk Noothgrush
23%
Pussysoul/Sewn Mouth Secrets Silent Green
23%
Hymns of Slumber/Longing for Infection Fistula
15%
Dragging Down the Enforcer/Legalize Crime Outlaw order
15%
Horrendosaurus/Bongs of Praise Gurt
8%
Regress/Rise of the Dawncrusher Slabdragger
8%
No matching quizzes found
Score Distribution
Percent of People with Each Score
Percentile by Number Answered
Your Score History
You have not taken this quiz